Elementary surveying / (Record no. 5799)
[ view plain ]
| 000 -LEADER | |
|---|---|
| fixed length control field | 00780pam a2200277 a 4500 |
| 001 - CONTROL NUMBER | |
| JCCL Control Number | 5799 |
| 003 - CONTROL NUMBER IDENTIFIER | |
| JCCL marc code | BD-JhCC |
| 005 - DATE AND TIME OF LATEST TRANSACTION | |
| control field | 20180328173356.0 |
| 008 - FIXED-LENGTH DATA ELEMENTS--GENERAL INFORMATION | |
| fixed length control field | 830907s1984 nyua b 001 0 eng |
| 020 ## - INTERNATIONAL STANDARD BOOK NUMBER | |
| International Standard Book Number | 0060409827 |
| 035 ## - SYSTEM CONTROL NUMBER | |
| system control number | (BD-JhCC)5799 |
| 040 ## - CATALOGING SOURCE | |
| Original cataloging agency | DLC |
| Transcribing agency | DLC |
| Modifying agency | DLC |
| -- | BD-JhCC |
| 041 ## - LANGUAGE CODE | |
| Language code of Book | eng |
| 050 00 - LIBRARY OF CONGRESS CALL NUMBER | |
| Classification number | TA545 |
| Item number | .B86 1984 |
| 082 00 - DEWEY DECIMAL CLASSIFICATION NUMBER | |
| Classification number | 526.9 |
| DDC Edition number | 19 |
| Author mark and Year | BRI 1984 |
| 100 1# - MAIN ENTRY--PERSONAL NAME | |
| Personal name | Brinker, Russell C. |
| Fuller form of name | (Russell Charles), |
| Dates associated with a name | 1908- |
| 245 10 - TITLE STATEMENT | |
| Title | Elementary surveying / |
| Statement of responsibility, etc | Russell C. Brinker, Paul R. Wolf. |
| 250 ## - EDITION STATEMENT | |
| Edition statement | 7th ed. |
| 260 ## - PUBLICATION, DISTRIBUTION, ETC. (IMPRINT) | |
| Place of publication, distribution, etc | New York : |
| Name of publisher, distributor, etc | Harper & Row, |
| Date of publication, distribution, etc | c1984. |
| 300 ## - PHYSICAL DESCRIPTION | |
| Pagination | xvi, 608 p. : |
| Other physical details | ill. (some col.) ; |
| Dimensions | 24 cm. |
| 504 ## - BIBLIOGRAPHY, ETC. NOTE | |
| Bibliography, etc | Includes bibliographies and index. |
| 650 #0 - SUBJECT ADDED ENTRY--TOPICAL TERM | |
| Topical term or geographic name as entry element | Surveying. |
| 700 1# - ADDED ENTRY--PERSONAL NAME | |
| Personal name | Wolf, Paul R. |
| 942 ## - ADDED ENTRY ELEMENTS (KOHA) | |
| Source of classification or shelving scheme | Dewey Decimal Classification |
| Koha item type | Books |
| Source of classification or shelving scheme | Damaged status | Not for loan | Home library | Current library | Shelving location | Date of accession | Total Checkouts | Full call number | Barcode | Date last seen | Copy number | Koha item type |
|---|---|---|---|---|---|---|---|---|---|---|---|---|
| Dewey Decimal Classification | JCC Rouf Library | JCC Rouf Library | General Stacks | 12/21/2017 | 526.9 BRI 1984 | 8049 | 12/21/2017 | C - 1 | Books |